书目信息 |
| 题名: |
县乡村工作手册
|
|
| 作者: | 刘政 | |
| 分册: | ||
| 出版信息: | 北京 中国民主法制出版社 |
|
| 页数: | 151页 | |
| 开本: | 20cm | |
| 丛书名: | ||
| 单 册: | ||
| 中图分类: | F325.4-62 | |
| 科图分类: | ||
| 主题词: | 农业经济--中国 | |
| 电子资源: | ||
| ISBN: | 7-80078-167-4 | |
| 000 | 00528nam0 2200193 450 | |
| 001 | 2461043385 | |
| 005 | 20240919170023.65 | |
| 010 | @a7-80078-167-4 | |
| 100 | @a20240919d km y0chiy0120 ea | |
| 101 | 0 | @achi |
| 102 | @aCN@b110000 | |
| 200 | 1 | @a县乡村工作手册@A@e@h@i@f刘政@FLiu Zheng@g |
| 210 | @a北京@c中国民主法制出版社 | |
| 215 | @a151页@c@d20cm | |
| 606 | 0 | @a农业经济@x中国 |
| 690 | @aF325.4-62@v4 | |
| 701 | 0 | @a刘政@ALiu Zheng |
| 801 | 0 | @aCN@b大连网信软件有限公司图书馆·11@c20240919@g |
| 905 | @aZUCC@dF325.4-62@e1 | |
| 县乡村工作手册/刘政.-北京:中国民主法制出版社 |
| 151页;20cm |
| ISBN 7-80078-167-4: |
| ● |
| 相关链接 |
|
|
|
正题名:县乡村工作手册
索取号:F325.4-62/1
 
预约/预借
| 序号 | 登录号 | 条形码 | 馆藏地/架位号 | 状态 | 备注 |
| 1 | 2001742357 | 2001742357 | 特藏书库/藏10架B面2列3层/ [索取号:F325.4-62/1] | 在馆 | |
| 2 | 2001742441 | 2001742441 | 特藏书库/藏10架B面2列3层/ [索取号:F325.4-62/1] | 在馆 | |
| 3 | 2001742524 | 2001742524 | 特藏书库/藏10架B面2列3层/ [索取号:F325.4-62/1] | 在馆 |